000 01117 a2200253 4500
005 20140903175034.0
008 140225s2013 ck ad frn 000 0deng d
020 _a9789588721194
040 _aCO-BoUCM
_bspa
_cJavier Garzón
_dHenry Ríos
041 0 _aspa
100 1 _aCastro Agudelo, Santiago José
_957187
245 1 0 _aDel dicho al hecho
_breformas políticas y sistema de partidos en Colombia 2002-2010
_cSantiago José Castro Agudelo
260 _aBogotá (Colombia)
_bEditorial Politécnico Gran Colombiano
_c2013
300 _a146 páginas
_bilustraciones y gráficas
500 _aTransformaciones en el sistema de partidos en Colombia a partir de las reformas políticas de 2003 y 2009 y la reelección presidencial
504 _aIncluye referencias bibliográficas
650 4 _950105
_aSistema electoral
_zColombia
650 7 _927482
_aElecciones
_zColombia
650 7 _937930
_aPartidos políticos
_zColombia
651 4 _aColombia
_xReformas constitucionales
_957342
690 _942754
_aCiencia política
942 _a6
_cLIBRO
_e1
_mC355
_2DEWEY
_h324.6
999 _c239615
_d239615